| Tag |
First Indicator |
Second Indicator |
Subfields |
| LEADER |
00000cam a2200000 a 4500 |
| 001 |
in00000019016 |
| 005 |
20151007054133.0 |
| 008 |
861217s1987 ilu b 00100 eng |
| 010 |
|
|
|a 86030173
|
| 020 |
|
|
|a 0398053197
|
| 035 |
|
|
|a (OCoLC)15054248
|
| 035 |
|
|
|9 AAB4099AM
|
| 040 |
|
|
|a DLC
|c DLC
|d TXA
|d UtOrBLW
|
| 043 |
|
|
|a n-us---
|
| 049 |
|
|
|a TXAM
|c [A11060387]
|
| 050 |
0 |
0 |
|a LB1779
|b .E73 1987
|
| 082 |
0 |
|
|a 174/.9372
|2 19
|
| 245 |
0 |
0 |
|a Ethical dilemmas for academic professionals /
|c edited by Stephen L. Payne and Bruce H. Charnov.
|
| 264 |
|
1 |
|a Springfield, Ill., U.S.A. :
|b C.C. Thomas,
|c [1987]
|
| 264 |
|
4 |
|c ©1987
|
| 300 |
|
|
|a xxii, 241 pages ;
|c 27 cm.
|
| 336 |
|
|
|a text
|b txt
|2 rdacontent
|
| 337 |
|
|
|a unmediated
|b n
|2 rdamedia
|
| 338 |
|
|
|a volume
|b nc
|2 rdacarrier
|
| 504 |
|
|
|a Includes bibliographies and index.
|
| 650 |
|
0 |
|a College teachers
|x Professional ethics
|z United States.
|
| 650 |
|
0 |
|a College teachers
|x Professional ethics
|z United States
|x Case studies.
|
| 700 |
1 |
|
|a Payne, Stephen L.
|
| 700 |
1 |
|
|a Charnov, Bruce H.
|
| 999 |
|
|
|a MARS
|
| 999 |
f |
f |
|s 6eab92fd-5eac-30e5-8855-8376dea4da78
|i b2b8bd3f-3d08-3f66-86a1-5386138620cc
|t 0
|
| 952 |
f |
f |
|p normal
|a Texas A&M University
|b College Station
|c Sterling C. Evans Library
|d Evans: Library Stacks
|t 0
|e LB1779 .E73 1987
|h Library of Congress classification
|i unmediated -- volume
|m A14811060387
|
| 998 |
f |
f |
|a LB1779 .E73 1987
|t 0
|l Evans: Library Stacks
|